01419nam a2200289 i 4500003000900000005001700009007000300026008004100029040003000070082003000100100005400130245011900184250001800303264005000321300002600371336002700397337003300424338002800457504002600485586023000511590002700741600006200768910001400830942001400844952025400858999001701112DO-SdBNP20241022153558.0ta241022s1950 dr 000 0 spa d aDO-SdBNPbspacBNPHUerda a972.9304bH565b, 19502221 4aut.aHerrera, César A.d1910-198898333eautor13aLa Batalla de las Carreras :bsus antecedentes históricos y consecuencias trascendentales /cCésar A. Herrera. a2a. edición 1aSanto Domingo :bImpresora Dominicana,c1950. a105 páginasc21 cm. atextobtxt2rdacontent asin mediaciónbn2rdamedia avolumenbnc2rdacarrier aBibliografías p: 5. a1er. premio en el Certamen histórico organizado por la Academia Dominicana de la Historia, La Academia Dominicana de la Lengua y el Ateneo Dominicano en celebración, en 1949 del primer centenario de la gloriosa batalla.  aInventariado, 2024/ YL 4aSantana Familias, Pedro d1801-1864 xVida militar986756 aYLockward 2ddccLBS1 00102ddc51708PDaBNPHUbBNPHUcCTd2023-12-04eDonado por la Presidencia de la República Dominicana 2023l0oBNPHU PD 972.9304 H565b, 1950p2024-6083r2024-10-22w2024-10-22yLBS1zPerteneció a la biblioteca personal de Emilio Cordero Michel c57933d57933